Documento que habla sobre una venta otorgada por Don Isidro Ramos (Record no. 5012)

MARC details
000 -CABECERA
campo de control de longitud fija 01341nam a2200301 a 4500
001 - NÚMERO DE CONTROL
campo de control BRCA_5318
005 - FECHA Y HORA DE LA ÚLTIMA TRANSACCIÓN
campo de control 20190320205029.0
008 - DATOS DE LONGITUD FIJA--INFORMACIÓN GENERAL
campo de control de longitud fija 031210s1733----mx-######v---#000-0#spa-#
041 ## - CÓDIGO DE LENGUA
Código de lengua del texto/banda sonora o título independiente spa
044 ## - CÓDIGO DEL PAÍS DE LA ENTIDAD EDITORA/PRODUCTORA
Código MARC del país mx
084 ## - OTRO NÚMERO DE CLASIFICACIÓN
Número de clasificación DOC148D
Número de documento/Ítem .R36
-- 1733
100 1# - ENTRADA PRINCIPAL--NOMBRE DE PERSONA
Nombre de persona Ramos, Isidro
9 (RLIN) 13638
245 10 - MENCIÓN DE TÍTULO
Título Documento que habla sobre una venta otorgada por Don Isidro Ramos
Mención de responsabilidad, etc. Isidro Ramos ; Antonio Ramos.
260 ## - PUBLICACIÓN, DISTRIBUCIÓN, ETC.
Lugar de publicación, distribución, etc. México
Fecha de publicación, distribución, etc. 1733
300 ## - DESCRIPCIÓN FÍSICA
Extensión [19] fojas
Dimensiones 31 x 22 cm.
500 ## - NOTA GENERAL
Nota general Documento firmado el 22 de Julio de 1733.
500 ## - NOTA GENERAL
Nota general Texto tomado de la primera foja: ´Testimonio simple de la Venta que otorgó Isidro Ramos a nombre de su padre Antonio Ramos de su Hacienda que se compone de 30 sitios de ganado mayor y 30 de menor al marques del castillo de Anza´.
500 ## - NOTA GENERAL
Nota general Papel con marca de agua.
500 ## - NOTA GENERAL
Nota general Estado de conservación: contiene manchas de acidez causada por la tinta y márgenes deteriorados.
506 0# - NOTA DE RESTRICCIONES AL ACCESO
Limitaciones de acceso Fondo Reservado. Para su consulta es necesario credencial de usuario y carta de motivos.
546 ## - NOTA DE LENGUA/LENGUAJE
Nota de lengua/lenguaje Texto en: español de principios del siglo XVIII.
600 14 - PUNTO DE ACCESO ADICIONAL DE MATERIA--NOMBRE DE PERSONA
Nombre de persona Ramos, Isidro
Subdivisión general Historia
9 (RLIN) 13639
650 14 - PUNTO DE ACCESO ADICIONAL DE MATERIA--TÉRMINO DE MATERIA
Término de materia o nombre geográfico como elemento de entrada Documentos legales
Subdivisión de forma Manuscritos
Subdivisión general Historia
9 (RLIN) 12814
651 #4 - PUNTO DE ACCESO ADICIONAL DE MATERIA--NOMBRE GEOGRÁFICO
Nombre geográfico México
Subdivisión general Historia
Subdivisión cronológica Colonia, 1521-1821
9 (RLIN) 12461
700 1# - PUNTO DE ACCESO ADICIONAL--NOMBRE DE PERSONA
Nombre de persona Ramos, Antonio
9 (RLIN) 13640
902 ## - CATALOGADOR
Iniciales FDH
942 ## - ELEMENTOS DE PUNTO DE ACCESO ADICIONAL (KOHA)
Fuente del sistema de clasificación o colocación Library of Congress Classification
Tipo de ítem Koha Documentos
Holdings
Estado de retiro Estado de pérdida Estado dañado No para préstamo Localización permanente Ubicación/localización actual Fecha de adquisición Total de préstamos Signatura topográfica completa Código de barras Fecha visto por última vez Precio válido a partir de Tipo de ítem Koha
El ejemplar forma parte de la colección y puede ser consultado según las políticas vigentes.       Biblioteca del Museo Franz Mayer (Rogerio Casas-Alatriste) Biblioteca del Museo Franz Mayer (Rogerio Casas-Alatriste) 03/12/2010   DOC148D .R36 1733 5753 22/03/2019 22/03/2019 Documentos